000 00367cam a22001217a 4500
008 180718b1990 xxu||||| |||| 00| 0 eng d
100 _aKrant, Vijay
245 _aAajad sharnarthi tibbat ke dalai lama atma katha
_cedited by Vijay Kranti
260 _aNew Delhi
_bPaljor Publications
_c1990
300 _a238p.
650 _aIndia
650 _aDalai lama - autobiography
999 _c501885
_d501885